LEADER 01236nam--2200409---450- 001 990003582420203316 005 20111026141858.0 010 $a978-88-430-5290-5 035 $a000358242 035 $aUSA01000358242 035 $a(ALEPH)000358242USA01 035 $a000358242 100 $a20111026d2010----km-y0itay50------ba 101 $aita 102 $aIT 105 $a||||||||001yy 200 1 $aNihon ryoiki$ecronache soprannaturali e straordinarie del Giappone$f[Keikai]$ga cura di Maria Chiara Migliore 210 $aRoma$cCarocci$d2010 215 $a210 p.$d18 cm 225 2 $aBiblioteca medievale$v124 410 0$12001$aBiblioteca medievale$v124 454 1$12001 461 1$1001-------$12001 606 0 $aParabole$xBuddismo$yGiappone$2BNCF 676 $a294.38 700 1$aKEIKAI$0610786 702 1$aMIGLIORE,$bMaria Chiara 801 0$aIT$bsalbc$gISBD 912 $a990003582420203316 951 $aVIII.2.A. 238$b228593 L.M.$cVIII.2.A.$d00267560 959 $aBK 969 $aUMA 979 $aMARTUCCIEL$b90$c20111026$lUSA01$h1402 979 $aMARTUCCIEL$b90$c20111026$lUSA01$h1417 979 $aMARTUCCIEL$b90$c20111026$lUSA01$h1418 996 $aNihon ryoiki$91115938 997 $aUNISA LEADER 00850nam0-2200277 --450 001 9910401060303321 005 20200618091406.0 010 $a978-88-6735-409-2 100 $a20200618d2018----km y0itay50 ba 101 0 $aita 102 $aIT 105 $ay 001yy 200 1 $a<>ruolo dell'intelligence nella costruzione della pace$fAntonella Colonna Vilasi 210 $aTricase$cLibellula$d2018 215 $a103 p.$d21 cm 225 1 $aIntelligence & security 610 0 $aPace$aRuolo [dei] Servizi segreti 676 $a355.3432$v23$zita 700 1$aColonna Vilasi,$bAntonella$0473276 801 0$aIT$bUNINA$gREICAT$2UNIMARC 901 $aBK 912 $a9910401060303321 952 $aXIII B 996$b1536/2020$fFSPBC 959 $aFSPBC 996 $aRuolo dell'intelligence nella costruzione della pace$91744848 997 $aUNINA LEADER 01718oam 2200433M 450 001 9910716115803321 005 20200213070938.3 035 $a(CKB)5470000002518961 035 $a(OCoLC)1065617901 035 $a(OCoLC)995470000002518961 035 $a(EXLCZ)995470000002518961 100 $a20071213d1926 ua 0 101 0 $aeng 135 $aurcn||||||||| 181 $ctxt$2rdacontent 182 $cc$2rdamedia 183 $acr$2rdacarrier 200 10$aTo reinstate John P. Gray as a lieutenant commander in the United States Coast Guard. February 24 (calendar day, February 25), 1926. -- Ordered to be printed 210 1$a[Washington, D.C.] :$c[U.S. Government Printing Office],$d1926. 215 $a1 online resource (2 pages) 225 1 $aSenate report / 69th Congress, 1st session. Senate ;$vno. 218 225 1 $a[United States congressional serial set ] ;$v[serial no. 8527] 300 $aBatch processed record: Metadata reviewed, not verified. Some fields updated by batch processes. 300 $aFDLP item number not assigned. 517 $aTo reinstate John P. Gray as a lieutenant commander in the United States Coast Guard. February 24 606 $aClaims 608 $aLegislative materials.$2lcgft 615 0$aClaims. 701 $aJones$b Wesley Livsey$f1863-1932$pRepublican (WA)$01389549 801 0$bWYU 801 1$bWYU 801 2$bOCLCO 801 2$bOCLCQ 801 2$bOCLCO 801 2$bOCLCQ 906 $aBOOK 912 $a9910716115803321 996 $aTo reinstate John P. Gray as a lieutenant commander in the United States Coast Guard. February 24 (calendar day, February 25), 1926. -- Ordered to be printed$93442064 997 $aUNINA LEADER 00967nam0 22002411i 450 001 UON00179354 005 20231205103125.554 010 $a34-7600-353-1 100 $a20030730d1977 |0itac50 ba 101 $ager 102 $aGW 105 $a|||| 1|||| 200 1 $aˆDie ‰andere Frau$eEmanzipationsansätze deutscher Schriftstellerinnen im Vorfeld der Achtundvierziger-Revolution$fRenate Möhrmann 210 $aStuttgart$cJ.B. Metzlersc he Verlagsbuchhandlung $d1977 215 $a194 p.$ctav$d23 cm. 606 $aGermania$xFemminismo$xTeorie$xSec. 19.$3UONC035674$2FI 700 1$aMOHRMANN$bRenate$3UONV101432$0132375 801 $aIT$bSOL$c20250808$gRICA 899 $aSIBA - SISTEMA BIBLIOTECARIO DI ATENEO$2UONSI 912 $aUON00179354 950 $aSIBA - SISTEMA BIBLIOTECARIO DI ATENEO$dSI EUR D A 1117 $eSI SC 18704 5 1117 996 $aAndere Frau$91280583 997 $aUNIOR